000 005160000a22002050004500
003 LK-CoMWRAF
005 20231103144500.0
008 230817t ||||| |||| 00| 0 eng d
020 _a8129101807
040 _aLK-CoMWRAF
_dLK-CoMWRAF
_eLK-CoMWRAF
041 _aeng
082 _a823
_bTAG
100 _aTagore, Rabindranath
245 _aYogayog (Nexus)
260 _bRupa & Company
_aNew Delhi (India)
_c2003
300 _ap.328
490 _aRabindra Rachanavali
650 _aEnglish Fiction
942 _cBK
999 _c2206
_d2206